| 000 | 01080nam a2200265 a 4500 | ||
|---|---|---|---|
| 001 | 000043511 | ||
| 003 | DO-SdBNP | ||
| 005 | 20210527130152.0 | ||
| 008 | 140320s2013 dr ac 000 0 spa d | ||
| 020 | _a9789945891607 | ||
| 040 |
_aDO-SdBNP _bspa _cBNPHU |
||
| 082 | 4 |
_aCh863.44 _bT686p _222 |
|
| 100 | 1 |
_aToro Ghio, Germán, _d1958- _971215 |
|
| 245 | 1 | 4 |
_aLos propietarios de la "Tierra de nadie" y otros relatos / _cGermán Toro Ghio ; editado Orlando Issac. |
| 260 |
_aSanto Domingo : _bEgraf, _c2013. |
||
| 300 |
_a119 p. : _bil., retrs. ; _c26 cm. |
||
| 500 | _aIncluye datos biográficos del autor. | ||
| 505 | 0 |
_tNavidad roja en seis escalas -- _tOperation Just Cause -- _tLos 50 años de Silvio Rodríguez en compañía de Fidel Castro -- _tLos propietarios de la "Tierra de nadie" -- _t!When I see me in the mirror, I see you! -- _tEl Nono. |
|
| 590 | _aInventariado, 2020 /LP | ||
| 650 | 4 |
_aCuentos chilenos _914649 |
|
| 650 | 4 |
_aLiteratura chilena _93164 |
|
| 700 | 1 | 2 |
_aIssac, Orlando _eed. _971216 |
| 910 | _aValidado. Control de calidad EMS | ||
| 942 |
_2ddc _cLBS1 |
||
| 999 |
_c43000 _d43000 |
||